000 00486nam a2200157 i 4500
001 147077
003 ES-MaACL
005 20230906201806.0
007 t|
008 070921s1955 sp ||||1| spa d
100 1 _aDarkness, R. J.
_942731
245 1 0 _aRadio-montaje
_b: selección mundial de realizaciones prácticas... /
_cR.J. de Darkness (seud.).
260 _aBarcelona, etc. :
_bBruguera,
_c1955.
300 _a125 p. :
_bil. ;
_c15 cm.
852 _aES-MaACL
_jC-10811
_bR.38282
999 _c147077
_d147077